The anatomy of melancholy: what it is, with all the kinds, causes, symptomes, prognostickes and severall cures of it
I tiakina i:
| Kaituhi matua: | |
|---|---|
| Hōputu: | Pukapuka |
| Reo: | Ingarihi |
| I whakaputaina: |
Nueva York
Vintage Books
1977
|
| Ngā marau: | |
| Ngā Tūtohu: |
Tāpirihia he Tūtohu
Kāore He Tūtohu, Me noho koe te mea tuatahi ki te tūtohu i tēnei pūkete!
|
MARC
| LEADER | 00000nam a2200000 a 4500 | ||
|---|---|---|---|
| 001 | UCO4792 | ||
| 003 | CL-VaPUC | ||
| 008 | 000811e19770000US |||||||||||||||||eng|d | ||
| 082 | 0 | 4 | |a 616.89 |b BUR |2 21 |
| 100 | 0 | |a Burton, Robert |e author |9 449427 | |
| 245 | 1 | 4 | |a The anatomy of melancholy: what it is, with all the kinds, causes, symptomes, prognostickes and severall cures of it |
| 300 | |a 547 p | ||
| 942 | |c BK | ||
| 945 | |d 20000811 00:00:00 |a crobeson | ||
| 260 | |a Nueva York |b Vintage Books |c 1977 | ||
| 650 | 0 | |a Melancolía |9 385981 | |
| 650 | 0 | |a Trastornos mentales |9 307475 | |
| 650 | 7 | |a SINTOMATOLOGIA |2 CL-VaPUC |9 393926 | |
| 650 | 7 | |a DISGNOSTICO |2 CL-VaPUC |9 449428 | |
| 583 | |a last modification |c 20000811 00:00:00 |k Rodrigo Vera | ||
| 999 | |c 290786 |d 290784 | ||
| 952 | |0 0 |1 0 |4 0 |6 616_890000000000000_BUR_1977 |7 0 |8 A |9 340362 |a BIBART |b BIBART |d 2019-11-20 |i 1215914 |o 616.89 BUR 1977 |p 1215914 |r 2025-03-13 |w 2019-11-20 |y BK |k ART | ||